[Event "37. Copenhagen Open (Politiken Cup)"]
[Site "Elsinore"]
[Date "2015.07.25"]
[Round "1"]
[White "Sigeman, Johan"]
[Black "Johannesen, Lars Peter Meldgaar"]
[Result "1-0"]
[WhiteElo "2138"]
[BlackElo "1718"]
[PlyCount "53"]
[EventDate "2015.07.25"]
[EventType "swiss"]
[EventRounds "10"]
[EventCountry "DEN"]
[Source "ChessBase"]
[SourceDate "2015.09.14"]

1. c4 Nf6 2. Nc3 e6 3. e4 d6 4. d4 Be7 5. Nf3 O-O 6. Be2 b6 7. O-O c5 8. d5 e5
9. Ne1 Ne8 10. Bg4 f5 11. exf5 Bxf5 12. Bxf5 Rxf5 13. Qg4 Qd7 14. Nd3 Rf7 15.
Qe2 Nf6 16. f4 exf4 17. Nxf4 Na6 18. Ne6 Nc7 19. Bg5 a6 20. a4 a5 21. Rae1 Re8
22. Nxc7 Qxc7 23. Bxf6 Rxf6 24. Rxf6 gxf6 25. Qe6+ Kf8 26. Qh3 Bd8 27. Qh6+ 1-0

[Event "37. Copenhagen Open (Politiken Cup)"]
[Site "Elsinore"]
[Date "2015.07.25"]
[Round "1"]
[White "Sjodahl, Pontus"]
[Black "Helin, Mikael"]
[Result "1-0"]
[WhiteElo "2425"]
[BlackElo "1896"]
[PlyCount "109"]
[EventDate "2015.07.25"]
[EventType "swiss"]
[EventRounds "10"]
[EventCountry "DEN"]
[Source "ChessBase"]
[SourceDate "2015.09.14"]

1. d4 g6 2. c4 Bg7 3. e4 d6 4. Nc3 Nc6 5. Be3 e5 6. Nge2 h6 7. f3 f5 8. Qd2 f4
9. Bf2 Nf6 10. O-O-O g5 11. Kb1 O-O 12. d5 Na5 13. c5 dxc5 14. Bxc5 Nc4 15. Qd3
Nd6 16. Nc1 Nd7 17. Bf2 b6 18. Qc2 a6 19. a3 Rf7 20. N1a2 Nb8 21. Nb4 Bd7 22.
Be2 h5 23. Nca2 a5 24. Nc6 Nxc6 25. dxc6 Be6 26. Nc3 Bf8 27. Rd2 Qb8 28. Nb5
Nxb5 29. Bxb5 Bd6 30. Rhd1 Qf8 31. Bc4 Bxc4 32. Qxc4 b5 33. Qxb5 Rf6 34. Ka2 a4
35. Rd5 Kh8 36. Be1 Rb8 37. Qxa4 Qg8 38. Bc3 Re6 39. Ka1 Ree8 40. Rb5 Ra8 41.
Ra5 Rab8 42. Rdd5 Qg7 43. Qc4 Re7 44. Rab5 Rbe8 45. Qd3 Qf6 46. a4 g4 47. a5
Kh7 48. Rb7 Ra8 49. a6 Rg7 50. Ka2 Kh6 51. a7 h4 52. fxg4 Rxg4 53. Ba5 Qf7 54.
Qb3 Rxg2 55. Rxd6+ 1-0

[Event "37. Copenhagen Open (Politiken Cup)"]
[Site "Elsinore"]
[Date "2015.07.25"]
[Round "1"]
[White "Skovgaard, Andreas"]
[Black "Bengtsson, Tage"]
[Result "1/2-1/2"]
[WhiteElo "1649"]
[BlackElo "2076"]
[PlyCount "150"]
[EventDate "2015.07.25"]
[EventType "swiss"]
[EventRounds "10"]
[EventCountry "DEN"]
[Source "ChessBase"]
[SourceDate "2015.09.14"]

1. e4 c5 2. Nf3 Nf6 3. Nc3 d5 4. exd5 Nxd5 5. Bc4 Nb6 6. Bb5+ N8d7 7. Na4 Nxa4
8. Bxa4 g6 9. d3 Bg7 10. O-O O-O 11. Re1 Nb6 12. Bb3 Qc7 13. c3 Bg4 14. h3 Bxf3
15. Qxf3 Rad8 16. Bg5 Rd7 17. Re3 e6 18. h4 Nd5 19. Re4 h6 20. Bd2 Nf6 21. Ra4
b5 22. Rf4 Qd8 23. Qc6 Rxd3 24. Be3 c4 25. Bc2 Rd5 26. Bc5 Qb8 27. Bxf8 Qxf4
28. Bc5 Qd2 29. Bxg6 fxg6 30. Qxe6+ Kh7 31. Bd4 Rxd4 32. cxd4 Qxd4 33. Qf7 b4
34. Rc1 c3 35. bxc3 bxc3 36. Qb3 Nd5 37. Rd1 Qxh4 38. Rxd5 h5 39. Rd7 Qe4 40.
Qb7 Qe1+ 41. Kh2 Qe5+ 42. Kg1 c2 43. Qc7 Qa1+ 44. Kh2 c1=Q 45. Rxg7+ Qxg7 46.
Qxc1 Qe5+ 47. Kg1 a5 48. a4 Kg7 49. Qc6 Kf7 50. Qd7+ Kf6 51. Qd8+ Ke6 52. Qe8+
Kf5 53. Qd7+ Kg5 54. Qd2+ Kf6 55. Qd8+ Kg7 56. Qd7+ Kh6 57. Qd2+ Qg5 58. Qb2
Qd5 59. Qb5 Qd1+ 60. Kh2 Qd2 61. f3 Qf4+ 62. Kg1 Qb4 63. Kf2 Qd2+ 64. Qe2 Qxe2+
65. Kxe2 Kg5 66. g3 Kf5 67. Ke3 g5 68. Kf2 Ke5 69. Ke3 Kd5 70. f4 g4 71. Kd3
Kd6 72. Ke4 Ke6 73. f5+ Ke7 74. Ke3 Kf7 75. Ke4 Kg7 1/2-1/2

[Event "37. Copenhagen Open (Politiken Cup)"]
[Site "Elsinore"]
[Date "2015.07.25"]
[Round "1"]
[White "Skovgaard, Ib"]
[Black "Skjolingstad, Sverre"]
[Result "1-0"]
[WhiteElo "2031"]
[BlackElo "1519"]
[PlyCount "65"]
[EventDate "2015.07.25"]
[EventType "swiss"]
[EventRounds "10"]
[EventCountry "DEN"]
[Source "ChessBase"]
[SourceDate "2015.09.14"]

1. e4 c5 2. Nf3 d6 3. d4 cxd4 4. Nxd4 Nf6 5. Nc3 e6 6. Be2 Be7 7. Bg5 a6 8. Qd3
b5 9. Rd1 Nbd7 10. Nc6 Qc7 11. Nxe7 Kxe7 12. f4 Nc5 13. Qg3 Ke8 14. e5 dxe5 15.
fxe5 Nfe4 16. Nxe4 Nxe4 17. Qa3 Bb7 18. Bh4 g5 19. Bg3 Qxc2 20. Qe3 Qc5 21. Rd4
Rd8 22. Rxe4 Qxe3 23. Rxe3 Bxg2 24. Rg1 Bd5 25. Bf2 h6 26. Ra3 Bb7 27. Bc5 Rd5
28. Bd6 Rd4 29. Rc3 Rh7 30. Rc7 Bd5 31. b3 Rh4 32. Ra7 Rxh2 33. Rxa6 1-0

[Event "37. Copenhagen Open (Politiken Cup)"]
[Site "Elsinore"]
[Date "2015.07.25"]
[Round "1"]
[White "Smeby, Ole"]
[Black "Tan, Justin2"]
[Result "0-1"]
[WhiteElo "1895"]
[BlackElo "2417"]
[PlyCount "70"]
[EventDate "2015.07.25"]
[EventType "swiss"]
[EventRounds "10"]
[EventCountry "DEN"]
[Source "ChessBase"]
[SourceDate "2015.09.14"]

1. d4 Nf6 2. Nf3 d5 3. c4 e6 4. e3 b6 5. Nc3 Bb7 6. cxd5 exd5 7. Bd3 Be7 8. O-O
O-O 9. Qc2 c5 10. Ne5 a6 11. Rd1 Qc7 12. f4 b5 13. Ne2 c4 14. Ng3 Nc6 15. Be2
Nb4 16. Qd2 Ne4 17. Nxe4 dxe4 18. a3 Nd3 19. Nxd3 cxd3 20. Bf1 Rac8 21. g3 Qd7
22. Qe1 Rc2 23. Rd2 Rfc8 24. b4 Bf6 25. Rxc2 Rxc2 26. Rb1 Qd5 27. Bd2 Qa2 28.
Ra1 Qb2 29. Rb1 Qxa3 30. Rc1 Qa2 31. Rxc2 dxc2 32. Bh3 Qb1 33. Kf2 Be7 34. Qc1
Bxb4 35. Ke2 Bd5 0-1

[Event "37. Copenhagen Open (Politiken Cup)"]
[Site "Elsinore"]
[Date "2015.07.25"]
[Round "1"]
[White "Smith, Thijmen"]
[Black "Keen, Cosima C"]
[Result "1-0"]
[WhiteElo "2252"]
[BlackElo "1821"]
[PlyCount "39"]
[EventDate "2015.07.25"]
[EventType "swiss"]
[EventRounds "10"]
[EventCountry "DEN"]
[Source "ChessBase"]
[SourceDate "2015.09.14"]

1. e4 c6 2. d4 d5 3. exd5 cxd5 4. c4 Nf6 5. Nc3 e6 6. Nf3 Be7 7. cxd5 Nxd5 8.
Bd3 O-O 9. O-O b6 10. Nxd5 Qxd5 11. Re1 Bb7 12. Be4 Qd7 13. Ne5 Qc8 14. Bd3 Nd7
15. Qh5 Nf6 16. Qh3 Ba6 17. Bb1 Bb4 18. Bg5 h6 19. Bxf6 Bxe1 20. Qg4 1-0

[Event "37. Copenhagen Open (Politiken Cup)"]
[Site "Elsinore"]
[Date "2015.07.25"]
[Round "1"]
[White "Solberg, Joachim"]
[Black "Nielsen, Jens Holm"]
[Result "1-0"]
[WhiteElo "2270"]
[BlackElo "1836"]
[PlyCount "109"]
[EventDate "2015.07.25"]
[EventType "swiss"]
[EventRounds "10"]
[EventCountry "DEN"]
[Source "ChessBase"]
[SourceDate "2015.09.14"]

1. d4 d5 2. Nf3 Nf6 3. c4 c6 4. Nc3 Bf5 5. cxd5 cxd5 6. Qb3 Qb6 7. Nxd5 Nxd5 8.
Qxd5 e6 9. Qc4 Nc6 10. a3 Be7 11. e3 O-O 12. Qb5 Rac8 13. Bd2 Qxb5 14. Bxb5 a6
15. Be2 Rfd8 16. Bc3 Bf6 17. O-O Ne7 18. Rac1 Nd5 19. Bd2 Bc2 20. Ne1 Bb3 21.
Nd3 Be7 22. Rxc8 Rxc8 23. Rc1 Rxc1+ 24. Nxc1 Bc2 25. Kf1 Nf6 26. Bd3 Ne4 27.
Be1 Bxd3+ 28. Nxd3 Bd6 29. f3 Nf6 30. h3 Nd5 31. Ke2 b6 32. Bd2 a5 33. e4 Nc7
34. Nc1 Kf8 35. Kd3 Ke8 36. a4 Kd7 37. Kc4 Kc6 38. Nb3 Bg3 39. Be3 Be1 40. d5+
exd5+ 41. exd5+ Kb7 42. Nd4 Bb4 43. Nc6 f6 44. Nxb4 axb4 45. d6 Ne6 46. Kb5 b3
47. Bxb6 Nf8 48. a5 Nd7 49. a6+ Kc8 50. Bd4 g6 51. a7 Kb7 52. a8=Q+ Kxa8 53.
Kc6 Nb8+ 54. Kc7 Na6+ 55. Kc8 1-0

[Event "37. Copenhagen Open (Politiken Cup)"]
[Site "Elsinore"]
[Date "2015.07.25"]
[Round "1"]
[White "Sorensen, Bernhard W"]
[Black "Lofgren, Claes"]
[Result "1/2-1/2"]
[WhiteElo "1704"]
[BlackElo "2102"]
[PlyCount "84"]
[EventDate "2015.07.25"]
[EventType "swiss"]
[EventRounds "10"]
[EventCountry "DEN"]
[Source "ChessBase"]
[SourceDate "2015.09.14"]

1. d4 Nf6 2. Bf4 d5 3. e3 g6 4. Nf3 Bg7 5. Be2 O-O 6. O-O c5 7. c3 Nc6 8. Nbd2
b6 9. Ne5 Nxe5 10. Bxe5 Bb7 11. h4 Nd7 12. Bxg7 Kxg7 13. f4 e5 14. fxe5 Qxh4
15. Rf4 Qe7 16. Bg4 f5 17. Bh3 Bc6 18. Qe2 Rae8 19. Raf1 Bb7 20. R1f3 Bc8 21.
Rg3 Nb8 22. Qh5 Nc6 23. Nf3 Nd8 24. Rh4 Kg8 25. Rxg6+ hxg6 26. Qh8+ Kf7 27.
Rh7+ Ke6 28. Rxe7+ Kxe7 29. Qg7+ Rf7 30. Qxg6 Be6 31. Ng5 Ref8 32. Nxf7 Rxf7
33. Qg5+ Kd7 34. g3 f4 35. Bxe6+ Nxe6 36. Qh6 fxg3 37. e4 Nf4 38. Qd6+ Ke8 39.
Qb8+ Ke7 40. Qd6+ Ke8 41. Qb8+ Ke7 42. Qd6+ Ke8 1/2-1/2

[Event "37. Copenhagen Open (Politiken Cup)"]
[Site "Elsinore"]
[Date "2015.07.25"]
[Round "1"]
[White "Sorensen, Dick"]
[Black "Hector, Jonny"]
[Result "0-1"]
[WhiteElo "1911"]
[BlackElo "2485"]
[PlyCount "48"]
[EventDate "2015.07.25"]
[EventType "swiss"]
[EventRounds "10"]
[EventCountry "DEN"]
[Source "ChessBase"]
[SourceDate "2015.09.14"]

1. d4 d5 2. Nf3 Nf6 3. c4 c6 4. e3 Bf5 5. Nc3 e6 6. Be2 Nbd7 7. Nh4 Be4 8. O-O
Bd6 9. f3 Bg6 10. Qe1 O-O 11. Nxg6 hxg6 12. f4 c5 13. cxd5 exd5 14. Bf3 cxd4
15. exd4 Re8 16. Qh4 Qb6 17. f5 Ne4 18. Rd1 gxf5 19. Nxd5 Qa5 20. Ne3 Rac8 21.
Bxe4 Rxe4 22. Qg5 Bf4 23. Nc4 Re1+ 24. Kf2 Bxg5 0-1

[Event "37. Copenhagen Open (Politiken Cup)"]
[Site "Elsinore"]
[Date "2015.07.25"]
[Round "1"]
[White "Sorensen, John K"]
[Black "Schou Moldt, Thomas"]
[Result "0-1"]
[WhiteElo "1792"]
[BlackElo "2205"]
[PlyCount "84"]
[EventDate "2015.07.25"]
[EventType "swiss"]
[EventRounds "10"]
[EventCountry "DEN"]
[Source "ChessBase"]
[SourceDate "2015.09.14"]

1. d4 g6 2. c4 Bg7 3. Nc3 d6 4. e4 Nf6 5. f4 O-O 6. Nf3 c5 7. d5 e6 8. Bd3 exd5
9. cxd5 Na6 10. O-O Nc7 11. Rb1 b5 12. Re1 c4 13. Bf1 Bb7 14. a3 Re8 15. Qc2
Rc8 16. Be3 a6 17. Bb6 Qd7 18. Rbd1 Rb8 19. Ba5 Nh5 20. g3 f6 21. Ne2 Rbc8 22.
Nfd4 Bf8 23. Bg2 Ng7 24. Kh1 Qf7 25. Bh3 f5 26. Ng1 Rxe4 27. Rxe4 Bxd5 28. Bg2
Bxe4 29. Bxe4 fxe4 30. Qxe4 Nce6 31. Ngf3 Nxd4 32. Ng5 Qf5 33. Qxd4 h6 34. Nf3
Re8 35. Nh4 Qf7 36. Kg1 Kh7 37. Bc3 Re6 38. Qd5 Qa7+ 39. Bd4 Qe7 40. Nf3 Nf5
41. Bc3 Ne3 42. Qd4 Bg7 0-1

[Event "37. Copenhagen Open (Politiken Cup)"]
[Site "Elsinore"]
[Date "2015.07.25"]
[Round "1"]
[White "Stam, Bart"]
[Black "Rakhmanov, Alexander"]
[Result "0-1"]
[WhiteElo "1946"]
[BlackElo "2626"]
[PlyCount "102"]
[EventDate "2015.07.25"]
[EventType "swiss"]
[EventRounds "10"]
[EventCountry "DEN"]
[Source "ChessBase"]
[SourceDate "2015.09.14"]

1. e4 c5 2. Nf3 Nf6 3. e5 Nd5 4. b3 e6 5. Bb2 Nc6 6. g3 Be7 7. Bg2 b6 8. O-O
Bb7 9. d3 f5 10. c4 Nc7 11. d4 cxd4 12. Nxd4 O-O 13. Nc3 Qc8 14. Ncb5 Nxb5 15.
Nxb5 f4 16. Nd6 Bxd6 17. Qxd6 Nd8 18. Ba3 Rf7 19. f3 fxg3 20. hxg3 Bc6 21. Rf2
Qb7 22. Raf1 a6 23. Kh2 Rf5 24. g4 Nf7 25. Qe7 Rxe5 26. Bb2 Rg5 27. Bh3 Rg6 28.
f4 Qb8 29. Kg1 Qd8 30. Ba3 Qxe7 31. Bxe7 Re8 32. Bb4 h6 33. Kh2 e5 34. fxe5
Nxe5 35. Rf8+ Rxf8 36. Rxf8+ Kh7 37. Kg3 h5 38. Rf5 hxg4 39. Bf1 Re6 40. Bc3 d6
41. Bxe5 dxe5 42. Kxg4 Be4 43. Rh5+ Kg6 44. Rh8 Rf6 45. Bh3 Bf5+ 46. Kg3 Bxh3
47. Rxh3 Kf5 48. Kf3 Rh6 49. Rg3 g5 50. Ke3 g4 51. b4 Rc6 0-1

[Event "37. Copenhagen Open (Politiken Cup)"]
[Site "Elsinore"]
[Date "2015.07.25"]
[Round "1"]
[White "Starup, Leo"]
[Black "Vesterli, Michael E"]
[Result "0-1"]
[WhiteElo "1619"]
[BlackElo "2067"]
[PlyCount "48"]
[EventDate "2015.07.25"]
[EventType "swiss"]
[EventRounds "10"]
[EventCountry "DEN"]
[Source "ChessBase"]
[SourceDate "2015.09.14"]

1. e4 c5 2. Nf3 d6 3. d4 cxd4 4. Nxd4 Nf6 5. Nc3 Nc6 6. Be2 g6 7. O-O Bg7 8.
Be3 O-O 9. Qd2 Re8 10. f3 d5 11. Rad1 Nxd4 12. Bxd4 e5 13. Bf2 d4 14. Qe1 a6
15. a3 Qc7 16. Bxd4 exd4 17. Rxd4 Ng4 18. e5 Qxe5 19. Rxg4 Bxg4 20. fxg4 Qe3+
21. Rf2 Bd4 22. Kf1 Qxf2+ 23. Qxf2 Bxf2 24. Kxf2 Rad8 0-1

[Event "37. Copenhagen Open (Politiken Cup)"]
[Site "Elsinore"]
[Date "2015.07.25"]
[Round "1"]
[White "Steenstrup, Svend"]
[Black "Chabanon, Jean Luc"]
[Result "0-1"]
[WhiteElo "1914"]
[BlackElo "2493"]
[PlyCount "60"]
[EventDate "2015.07.25"]
[EventType "swiss"]
[EventRounds "10"]
[EventCountry "DEN"]
[Source "ChessBase"]
[SourceDate "2015.09.14"]

1. e4 d6 2. d4 g6 3. Nc3 Bg7 4. Be3 a6 5. Qd2 b5 6. Bd3 Nd7 7. f4 c5 8. Nf3 Bb7
9. O-O cxd4 10. Bxd4 Bxd4+ 11. Nxd4 Qb6 12. Qf2 Ngf6 13. Nce2 Bxe4 14. Bxe4
Nxe4 15. Qe3 f5 16. Qb3 Qc5 17. Rfd1 Qc4 18. Ne6 Qxe2 19. Nc7+ Kd8 20. Nxa8
Qf2+ 21. Kh1 Qa7 22. h3 Nf2+ 23. Kh2 Nxd1 24. Rxd1 Qxa8 25. Qc3 Rg8 26. Qa5+
Ke8 27. Re1 g5 28. Re2 gxf4 29. Qe1 Ne5 30. Qh4 Rxg2+ 0-1

[Event "37. Copenhagen Open (Politiken Cup)"]
[Site "Elsinore"]
[Date "2015.07.25"]
[Round "1"]
[White "Strachan, Christian C"]
[Black "Zude, Erik"]
[Result "1/2-1/2"]
[WhiteElo "1884"]
[BlackElo "2398"]
[PlyCount "63"]
[EventDate "2015.07.25"]
[EventType "swiss"]
[EventRounds "10"]
[EventCountry "DEN"]
[Source "ChessBase"]
[SourceDate "2015.09.14"]

1. e4 e5 2. Nf3 d6 3. Bc4 Nf6 4. d3 Be7 5. O-O O-O 6. c3 c6 7. Re1 Nbd7 8. Nbd2
b5 9. Bb3 Nc5 10. Bc2 Be6 11. Nf1 h6 12. d4 Ncd7 13. Ne3 Ng4 14. h3 Nxe3 15.
Bxe3 f6 16. Nh4 Qe8 17. d5 Bf7 18. dxc6 Nb6 19. Nf5 Kh7 20. Nxd6 Qxc6 21. Nxf7
Rxf7 22. Qh5 Rff8 23. Rad1 Rad8 24. Qf5+ Kh8 25. Bxh6 Rxd1 26. Bxd1 gxh6 27.
Qg6 Rd8 28. Qxh6+ Kg8 29. Qg6+ Kh8 30. Qh6+ Kg8 31. Qg6+ Kh8 32. Qh6+ 1/2-1/2

[Event "37. Copenhagen Open (Politiken Cup)"]
[Site "Elsinore"]
[Date "2015.07.25"]
[Round "1"]
[White "Strand, Kjetil"]
[Black "Ski, Jonathan K"]
[Result "1-0"]
[WhiteElo "2035"]
[BlackElo "1549"]
[PlyCount "85"]
[EventDate "2015.07.25"]
[EventType "swiss"]
[EventRounds "10"]
[EventCountry "DEN"]
[Source "ChessBase"]
[SourceDate "2015.09.14"]

1. e4 e5 2. Nf3 Nc6 3. Bb5 a6 4. Ba4 b5 5. Bb3 Bc5 6. O-O Nf6 7. Nxe5 Nxe5 8.
d4 Bb6 9. dxe5 Nxe4 10. Qd5 O-O 11. Qxe4 Rb8 12. Nc3 Bb7 13. Qg4 Kh8 14. Bg5
Qe8 15. Rfe1 f5 16. Qh4 Qg6 17. Nd5 h6 18. Be3 Bxe3 19. Rxe3 f4 20. Rf3 c5 21.
c4 Bxd5 22. cxd5 c4 23. Rxf4 cxb3 24. axb3 Qc2 25. Rxf8+ Rxf8 26. Qd4 Qxb3 27.
g3 Ra8 28. Ra3 Qc2 29. Rc3 Qe2 30. Rc7 Re8 31. e6 Qe1+ 32. Kg2 Rg8 33. Rxd7 Qc1
34. Qe5 Qc8 35. Qc7 Qe8 36. e7 Qg6 37. Qe5 Re8 38. Rd8 Qf7 39. Qe6 Qh5 40. Qd7
Qe5 41. Qxe8+ Kh7 42. Qg8+ Kg6 43. e8=Q+ 1-0

[Event "37. Copenhagen Open (Politiken Cup)"]
[Site "Elsinore"]
[Date "2015.07.25"]
[Round "1"]
[White "Stray, Gunnar"]
[Black "Micalizio, Tiziano Wul"]
[Result "1-0"]
[WhiteElo "2075"]
[BlackElo "1644"]
[PlyCount "81"]
[EventDate "2015.07.25"]
[EventType "swiss"]
[EventRounds "10"]
[EventCountry "DEN"]
[Source "ChessBase"]
[SourceDate "2015.09.14"]

1. d4 Nf6 2. Nf3 g6 3. g3 Bg7 4. Bg2 d6 5. O-O O-O 6. Nbd2 Nbd7 7. e4 c5 8. c3
b5 9. e5 Ne8 10. e6 fxe6 11. Ng5 Nb6 12. Bxa8 Nxa8 13. dxc5 dxc5 14. Qe2 Nac7
15. Nde4 Na6 16. Rd1 Qb6 17. Be3 Nd6 18. b4 Nxe4 19. Nxe4 Bb7 20. bxc5 Qc6 21.
f3 b4 22. Bd4 e5 23. Bf2 bxc3 24. Qc4+ Kh8 25. Qxc3 Nc7 26. Rab1 Nb5 27. Qb3
Ba6 28. Qd5 Qxd5 29. Rxd5 Rxf3 30. Rd8+ Bf8 31. Ng5 Rf6 32. Ne4 Rf7 33. a4 Nd4
34. Bxd4 exd4 35. Rxd4 Kg7 36. c6 Bc8 37. Rf1 Bf5 38. g4 e5 39. Rc4 Bxg4 40.
Rxf7+ Kxf7 41. Ng5+ 1-0

[Event "37. Copenhagen Open (Politiken Cup)"]
[Site "Elsinore"]
[Date "2015.07.25"]
[Round "1"]
[White "Stuhr, Peter Sebastian"]
[Black "Kvamme, Ingrid Jodre"]
[Result "1-0"]
[WhiteElo "1999"]
[BlackElo "1351"]
[PlyCount "83"]
[EventDate "2015.07.25"]
[EventType "swiss"]
[EventRounds "10"]
[EventCountry "DEN"]
[Source "ChessBase"]
[SourceDate "2015.09.14"]

1. e4 c5 2. Nc3 Nc6 3. f4 e6 4. Nf3 a6 5. a4 d5 6. Qe2 Nf6 7. e5 Nd7 8. Nd1 Be7
9. Nf2 O-O 10. g4 Rb8 11. h4 f6 12. exf6 Nxf6 13. Bh3 Qd6 14. d3 b5 15. b3 Bd7
16. c3 Bd8 17. Ne5 Bc8 18. g5 Ne8 19. Nxc6 Qxc6 20. Ng4 Bc7 21. Ne5 Qb6 22. a5
Qb7 23. Bd2 Nd6 24. Qf2 c4 25. dxc4 bxc4 26. b4 Nf5 27. O-O Bd6 28. Rae1 Bd7
29. Bg2 Qc7 30. Re2 Rbe8 31. Rfe1 Bc8 32. Bh3 Re7 33. g6 Bxe5 34. gxh7+ Kxh7
35. Rxe5 Ref7 36. h5 Qa7 37. Qxa7 Rxa7 38. Kf2 Raf7 39. Kf3 Rf6 40. Bg4 Re8 41.
Bxf5+ Rxf5 42. Rxf5 1-0

[Event "37. Copenhagen Open (Politiken Cup)"]
[Site "Elsinore"]
[Date "2015.07.25"]
[Round "1"]
[White "Subramanian, Aditya"]
[Black "Kunin, Vitaly L"]
[Result "1/2-1/2"]
[WhiteElo "1942"]
[BlackElo "2576"]
[PlyCount "105"]
[EventDate "2015.07.25"]
[EventType "swiss"]
[EventRounds "10"]
[EventCountry "DEN"]
[Source "ChessBase"]
[SourceDate "2015.09.14"]

1. d4 d5 2. Nf3 Nf6 3. e3 Bg4 4. b3 e6 5. Bd3 c5 6. Bb2 Nc6 7. O-O cxd4 8. exd4
Bd6 9. h3 Bh5 10. Re1 O-O 11. a3 Re8 12. g4 Bg6 13. Ne5 Bxe5 14. dxe5 Ne4 15.
Bxe4 Bxe4 16. Nc3 Bg6 17. Nb5 a6 18. Nd6 Rf8 19. a4 f6 20. Qe2 fxe5 21. Bxe5
Qb6 22. Bb2 Kh8 23. a5 Nxa5 24. Qe5 Qxf2+ 25. Kh1 Qf3+ 26. Kg1 Qf2+ 27. Kh1 Rg8
28. Rxa5 Be4+ 29. Rxe4 Qf1+ 30. Kh2 Qf2+ 31. Kh1 dxe4 32. Qxe6 Qf1+ 33. Kh2
Qe2+ 34. Kh1 Raf8 35. Nf7+ Rxf7 36. Qxf7 Qd1+ 37. Kg2 Qxc2+ 38. Qf2 Qxb3 39.
Rf5 h6 40. Re5 Rc8 41. Rxe4 Rc2 42. Re2 Qd5+ 43. Kg3 Rxe2 44. Qxe2 a5 45. Qe5
Qd3+ 46. Kh4 Qd7 47. g5 hxg5+ 48. Kxg5 a4 49. Kg6 Qc6+ 50. Kf7 Qd7+ 51. Kf8
Qd8+ 52. Kf7 Qd7+ 53. Kf8 1/2-1/2

[Event "37. Copenhagen Open (Politiken Cup)"]
[Site "Elsinore"]
[Date "2015.07.25"]
[Round "1"]
[White "Taksrud, Vidar"]
[Black "Gade, Jens"]
[Result "1-0"]
[WhiteElo "2048"]
[BlackElo "1572"]
[PlyCount "119"]
[EventDate "2015.07.25"]
[EventType "swiss"]
[EventRounds "10"]
[EventCountry "DEN"]
[Source "ChessBase"]
[SourceDate "2015.09.14"]

1. d4 d5 2. Nf3 Nf6 3. g3 e6 4. Bg2 c5 5. O-O cxd4 6. Nxd4 Be7 7. Bf4 O-O 8. c4
Nc6 9. Nxc6 bxc6 10. Nc3 Bb7 11. Qb3 Qb6 12. Qxb6 axb6 13. cxd5 Nxd5 14. Nxd5
exd5 15. a3 Bf6 16. Rab1 Rfe8 17. Rfe1 Be5 18. e4 Bxf4 19. gxf4 dxe4 20. Rxe4
Kf8 21. Rb4 b5 22. Rc1 Rec8 23. Rc3 Ra7 24. Rd4 Ba8 25. Rc5 Rac7 26. Rd3 g6 27.
f5 gxf5 28. Rh3 f6 29. Rxf5 Rf7 30. Rhf3 Ke7 31. Re3+ Kd6 32. b4 Bb7 33. Bh3
Rg8+ 34. Kf1 Rg5 35. Rd3+ Kc7 36. Rf4 c5 37. bxc5 Rxc5 38. Be6 Rg7 39. Rxf6 Be4
40. Re3 Rc1+ 41. Ke2 Rc2+ 42. Kd1 Rg1+ 43. Re1 Rxe1+ 44. Kxe1 Rc1+ 45. Kd2 Ra1
46. Rf4 Bg6 47. Rf3 Rb1 48. Rb3 Kb6 49. Rxb1 Bxb1 50. Kc3 Kc5 51. Bb3 Be4 52.
f4 h6 53. Be6 Bc6 54. f5 Kd6 55. Kd4 Be8 56. Bd5 h5 57. f6 Bd7 58. f7 Ke7 59.
Kc5 h4 60. Kb6 1-0

[Event "37. Copenhagen Open (Politiken Cup)"]
[Site "Elsinore"]
[Date "2015.07.25"]
[Round "1"]
[White "Tarjan, James Edward"]
[Black "Linderod, Lars Erik"]
[Result "1-0"]
[WhiteElo "2490"]
[BlackElo "1912"]
[PlyCount "41"]
[EventDate "2015.07.25"]
[EventType "swiss"]
[EventRounds "10"]
[EventCountry "DEN"]
[Source "ChessBase"]
[SourceDate "2015.09.14"]

1. c4 f5 2. g3 Nf6 3. Bg2 d6 4. Nc3 g6 5. d3 Bg7 6. e4 fxe4 7. dxe4 e5 8. Nge2
O-O 9. O-O Nc6 10. Nd5 Bg4 11. f3 Be6 12. Be3 Qd7 13. Qd2 Rf7 14. b4 Bh3 15. b5
Nd8 16. a4 Bxg2 17. Kxg2 Ne6 18. Rad1 Raf8 19. c5 Nxe4 20. fxe4 Nf4+ 21. Ndxf4
1-0

[Event "37. Copenhagen Open (Politiken Cup)"]
[Site "Elsinore"]
[Date "2015.07.25"]
[Round "1"]
[White "Thaler, Toni"]
[Black "Merkesvik, Amalie Isabel"]
[Result "1-0"]
[WhiteElo "2025"]
[BlackElo "1461"]
[PlyCount "77"]
[EventDate "2015.07.25"]
[EventType "swiss"]
[EventRounds "10"]
[EventCountry "DEN"]
[Source "ChessBase"]
[SourceDate "2015.09.14"]

1. d4 d5 2. c4 c6 3. Nf3 Nf6 4. Qc2 dxc4 5. Qxc4 Bf5 6. Nc3 e6 7. g3 Nbd7 8.
Bg2 Be7 9. O-O O-O 10. e3 Qc7 11. Rd1 Rac8 12. Qe2 h6 13. e4 Bh7 14. Bf4 Qb6
15. Rac1 Rfe8 16. Ne5 Red8 17. Nc4 Qa6 18. Be3 b6 19. a3 Qb7 20. b4 c5 21. bxc5
bxc5 22. d5 exd5 23. exd5 Bf8 24. Na5 Qc7 25. Nc6 Re8 26. Qa6 Nb8 27. Qxa7 Nxc6
28. Qxc7 Rxc7 29. dxc6 Ne4 30. Nxe4 Bxe4 31. Bxe4 Rxe4 32. Rd8 Rxc6 33. Rxc5
Rc4 34. Ra5 Rc8 35. Ra8 Rxd8 36. Rxd8 f6 37. a4 Kf7 38. a5 Bc5 39. Rc8 1-0

[Event "37. Copenhagen Open (Politiken Cup)"]
[Site "Elsinore"]
[Date "2015.07.25"]
[Round "1"]
[White "Thuesen, Mogens Henrik"]
[Black "Tolba, Henri"]
[Result "1-0"]
[WhiteElo "2158"]
[BlackElo "1739"]
[PlyCount "49"]
[EventDate "2015.07.25"]
[EventType "swiss"]
[EventRounds "10"]
[EventCountry "DEN"]
[Source "ChessBase"]
[SourceDate "2015.09.14"]

1. d4 d5 2. Nc3 Nf6 3. Bg5 Nbd7 4. f3 h6 5. Bh4 c6 6. e4 g5 7. Bg3 e6 8. Qd3 a6
9. O-O-O Qa5 10. h4 Nh5 11. Be1 Nf4 12. Qe3 Qd8 13. hxg5 Ng6 14. exd5 Qxg5 15.
Qxg5 hxg5 16. Rxh8 Nxh8 17. dxe6 fxe6 18. Nh3 g4 19. fxg4 Nf6 20. g5 Ng4 21.
Be2 Ne3 22. Rd3 Nxg2 23. Bg3 Ng6 24. Bh5 Kf7 25. Rf3+ 1-0

[Event "37. Copenhagen Open (Politiken Cup)"]
[Site "Elsinore"]
[Date "2015.07.25"]
[Round "1"]
[White "Thybo, Jan"]
[Black "Bernhardsson, Sten"]
[Result "0-1"]
[WhiteElo "1352"]
[BlackElo "2003"]
[PlyCount "58"]
[EventDate "2015.07.25"]
[EventType "swiss"]
[EventRounds "10"]
[EventCountry "DEN"]
[Source "ChessBase"]
[SourceDate "2015.09.14"]

1. e4 c5 2. Nc3 e6 3. g3 Nc6 4. Bg2 Nf6 5. Nge2 Be7 6. d3 d5 7. exd5 exd5 8.
O-O O-O 9. Nf4 d4 10. Ne4 Bf5 11. c3 Re8 12. c4 Qd7 13. a3 Ne5 14. Re1 Nxe4 15.
Bxe4 Bd6 16. Nd5 Bg4 17. f3 Be6 18. Bf4 f5 19. Bxf5 Bxf5 20. Bxe5 Rxe5 21. Rxe5
Bxe5 22. f4 Bd6 23. Qf3 Re8 24. Rb1 Qe6 25. b4 b6 26. bxc5 Bxc5 27. Nc7 Qe3+
28. Qxe3 Rxe3 29. Nb5 Bxd3 0-1

[Event "37. Copenhagen Open (Politiken Cup)"]
[Site "Elsinore"]
[Date "2015.07.25"]
[Round "1"]
[White "Thybo, Jesper Sondergaard"]
[Black "Mozelius, Peter"]
[Result "1-0"]
[WhiteElo "2255"]
[BlackElo "1825"]
[PlyCount "47"]
[EventDate "2015.07.25"]
[EventType "swiss"]
[EventRounds "10"]
[EventCountry "DEN"]
[Source "ChessBase"]
[SourceDate "2015.09.14"]

1. d4 g6 2. e4 Bg7 3. Nc3 d6 4. g3 Nc6 5. d5 Nb8 6. Bg2 c5 7. f4 a6 8. a4 Nd7
9. Nf3 Qc7 10. Qe2 Rb8 11. e5 dxe5 12. fxe5 Nxe5 13. Bf4 Nxf3+ 14. Bxf3 Qa5 15.
Bxb8 Bxc3+ 16. bxc3 Qxc3+ 17. Kf2 f6 18. Rhe1 h5 19. Qd3 Qxd3 20. cxd3 Nh6 21.
Bd6 Nf5 22. Bxc5 g5 23. Bxe7 Nxe7 24. d6 1-0